[Event "European Online Club-ch-E 2021"]
[Site "Online"]
[Date "2021.03.27"]
[Round "1.16"]
[White "Tarlabasi, Emirhan"]
[Black "Soham Das"]
[Result "1/2-1/2"]
[WhiteElo "2301"]
[BlackElo "2385"]
[Annotator "NA"]
[PlyCount "100"]
[EventDate "2021.03.27"]
[EventType "team-tourn"]
[EventCountry "NET"]
[SourceTitle "playchess.com"]
[Source "ChessBase"]
[SourceQuality "1"]
[TimeControl "900+5"]

1. d4 {[%emt 0:00:00]} d5 {[%emt 0:00:07]} 2. c4 {[%emt 0:00:08]} c6 {[%emt 0:00:08]} 3. e3 {[%emt 0:00:07]} Nf6 {[%emt 0:00:02]} 4. Nf3 {[%emt 0:00:02]} e6 {[%emt 0:00:04]} 5. b3 {[%emt 0:00:09]} Ne4 {[%emt 0:00:14]} 6. Bd3 {[%emt 0:01:03]} Bb4+ {[%emt 0:01:45]} 7. Nbd2 {[%emt 0:01:07]} Nd7 {[%emt 0:01:02]} 8. a3 {[%emt 0:01:32]} Bc3 {[%emt 0:03:38]} 9. Ra2 {[%emt 0:01:15]} Ba5 {[%emt 0:00:21]} 10. Qc2 {[%emt 0:01:06]} f5 {[%emt 0:01:37]} 11. O-O {[%emt 0:01:01]} O-O {[%emt 0:00:52]} 12. Ne5 {[%emt 0:02:44]} Nxe5 {[%emt 0:01:00]} 13. dxe5 {[%emt 0:00:04]} c5 {[%emt 0:00:02]} 14. f3 {[%emt 0:02:15]} Nxd2 {[%emt 0:00:58]} 15. Bxd2 {[%emt 0:00:02]} Bxd2 {[%emt 0:00:02]} 16. Qxd2 {[%emt 0:00:02]} b6 {[%emt 0:00:11]} 17. b4 {[%emt 0:00:52]} Qc7 {[%emt 0:00:51]} 18. bxc5 {[%emt 0:01:48]} Qxc5 {[%emt 0:00:50]} 19. cxd5 {[%emt 0:01:07]} Qxd5 {[%emt 0:00:09]} 20. Rc2 {[%emt 0:00:10]} Rd8 {[%emt 0:00:11]} 21. Rc3 {[%emt 0:00:02]} Ba6 {[%emt 0:00:12]} 22. Rd1 {[%emt 0:00:01]} Qxe5 {[%emt 0:00:11]} 23. Qe1 {[%emt 0:00:02]} Rd5 {[%emt 0:00:48]} 24. f4 {[%emt 0:00:09]} Qd6 {[%emt 0:00:44]} 25. Bc2 {[%emt 0:00:02]} Rc8 {[%emt 0:00:19]} 26. Rxd5 {[%emt 0:00:04]} Qxd5 {[%emt 0:00:21]} 27. Bb3 {[%emt 0:00:03]} Qd6 {[%emt 0:00:15]} 28. Rxc8+ {[%emt 0:00:03]} Bxc8 {[%emt 0:00:01]} 29. Qc3 {[%emt 0:00:03]} Bd7 {[%emt 0:00:05]} 30. Qd4 {[%emt 0:00:14]} Qxd4 {[%emt 0:00:08]} 31. exd4 {[%emt 0:00:01]} Kf8 {[%emt 0:00:01]} 32. Kf2 {[%emt 0:00:02]} Ke7 {[%emt 0:00:02]} 33. Ke3 {[%emt 0:00:02]} Kd6 {[%emt 0:00:08]} 34. Kd3 {[%emt 0:00:03]} Bb5+ {[%emt 0:00:15]} 35. Kc3 {[%emt 0:00:02]} Bc6 {[%emt 0:00:03]} 36. g3 {[%emt 0:00:02]} Bd5 {[%emt 0:00:01]} 37. Ba4 {[%emt 0:00:04]} Ba2 {[%emt 0:00:12]} 38. Bd1 {[%emt 0:00:04]} h6 {[%emt 0:00:04]} 39. h4 {[%emt 0:00:03]} g6 {[%emt 0:00:05]} 40. Bf3 {[%emt 0:00:05]} Bd5 {[%emt 0:00:05]} 41. Bd1 {[%emt 0:00:01]} a6 {[%emt 0:00:11]} 42. Kd3 {[%emt 0:00:15]} Kc6 {[%emt 0:00:04]} 43. Kc3 {[%emt 0:00:03]} Kb5 {[%emt 0:00:02]} 44. Bc2 {[%emt 0:00:22]} Kc6 {[%emt 0:00:11]} 45. Ba4+ {[%emt 0:00:06]} b5 {[%emt 0:00:04]} 46. Bd1 {[%emt 0:00:02]} a5 {[%emt 0:00:02]} 47. Be2 {[%emt 0:00:09]} Be4 {[%emt 0:00:03]} 48. Bd1 {[%emt 0:00:06]} Kd6 {[%emt 0:00:06]} 49. Be2 {[%emt 0:00:02]} Bc6 {[%emt 0:00:03]} 50. Bd1 {[%emt 0:00:01]} Ke7 {[%emt 0:00:10]} 1/2-1/2

[Event "European Online Club-ch-E 2021"]
[Site "Online"]
[Date "2021.03.27"]
[Round "1.17"]
[White "Westerberg, Jonathan"]
[Black "Sirosh, Ilja"]
[Result "1/2-1/2"]
[WhiteElo "2534"]
[BlackElo "2400"]
[Annotator "ChessBase"]
[PlyCount "128"]
[EventDate "2021.03.27"]
[EventType "team-tourn"]
[EventCountry "NET"]
[SourceTitle "playchess.com"]
[Source "ChessBase"]
[SourceQuality "1"]
[TimeControl "900+5"]

1. e4 {[%emt 0:00:00]} c5 {[%emt 0:00:04]} 2. Nf3 {[%emt 0:00:03]} d6 {[%emt 0:00:02]} 3. Bb5+ {[%emt 0:00:03]} Nd7 {[%emt 0:00:03]} 4. d4 {[%emt 0:00:03]} cxd4 {[%emt 0:00:06]} 5. Qxd4 {[%emt 0:00:03]} a6 {[%emt 0:00:07]} 6. Bxd7+ {[%emt 0:00:02]} Bxd7 {[%emt 0:00:02]} 7. Nc3 {[%emt 0:00:01]} e5 {[%emt 0:00:19]} 8. Qd3 {[%emt 0:00:03]} Rc8 {[%emt 0:00:11]} 9. O-O {[%emt 0:00:24]} h6 {[%emt 0:00:28]} 10. Nd2 {[%emt 0:01:21]} Qc7 {[%emt 0:00:10]} 11. Re1 {[%emt 0:00:34]} Nf6 {[%emt 0:01:29]} 12. Nf1 {[%emt 0:00:09]} Be7 {[%emt 0:00:51]} 13. Ne3 {[%emt 0:00:36]} Be6 {[%emt 0:00:03]} 14. Bd2 {[%emt 0:00:31]} O-O {[%emt 0:00:05]} 15. Red1 {[%emt 0:00:07]} Rfd8 {[%emt 0:02:02]} 16. Be1 {[%emt 0:00:04]} b5 {[%emt 0:00:38]} 17. a3 {[%emt 0:01:01]} Qb7 {[%emt 0:01:44]} 18. f3 {[%emt 0:00:46]} d5 {[%emt 0:00:20]} 19. exd5 {[%emt 0:01:24]} Bc5 {[%emt 0:00:39]} 20. Bf2 {[%emt 0:00:13]} Bxe3 {[%emt 0:00:53]} 21. Qxe3 {[%emt 0:00:04]} Nxd5 {[%emt 0:00:12]} 22. Qe4 {[%emt 0:00:41]} Qa8 {[%emt 0:01:56]} 23. Qxe5 {[%emt 0:01:32]} Nxc3 {[%emt 0:00:05]} 24. Rxd8+ {[%emt 0:00:31]} Rxd8 {[%emt 0:00:03]} 25. Qxc3 {[%emt 0:00:01]} Qd5 {[%emt 0:00:15]} 26. b4 {[%emt 0:02:31]} Qd2 {[%emt 0:01:00]} 27. Qxd2 {[%emt 0:01:48]} Rxd2 {[%emt 0:00:02]} 28. c3 {[%emt 0:00:01]} Ra2 {[%emt 0:00:39]} 29. Rxa2 {[%emt 0:00:02]} Bxa2 {[%emt 0:00:00]} 30. Bc5 {[%emt 0:00:03]} f5 {[%emt 0:01:24]} 31. Kf2 {[%emt 0:00:07]} Kf7 {[%emt 0:00:28]} 32. Ke3 {[%emt 0:00:01]} g6 {[%emt 0:00:08]} 33. Kd4 {[%emt 0:00:07]} Ke6 {[%emt 0:00:04]} 34. Bf8 {[%emt 0:00:07]} h5 {[%emt 0:00:03]} 35. f4 {[%emt 0:00:39]} Bb3 {[%emt 0:00:36]} 36. Kc5 {[%emt 0:00:03]} Bc2 {[%emt 0:00:27]} 37. g3 {[%emt 0:01:21]} h4 {[%emt 0:00:10]} 38. gxh4 {[%emt 0:00:09]} Bd1 {[%emt 0:00:02]} 39. Bg7 {[%emt 0:00:10]} Bc2 {[%emt 0:00:01]} 40. Be5 {[%emt 0:00:15]} Bd1 {[%emt 0:00:03]} 41. Bd4 {[%emt 0:00:22]} Bc2 {[%emt 0:00:01]} 42. Kc6 {[%emt 0:00:04]} Bd3 {[%emt 0:00:25]} 43. Be5 {[%emt 0:00:02]} Be2 {[%emt 0:00:03]} 44. Kb6 {[%emt 0:00:02]} Kd5 {[%emt 0:00:02]} 45. Kxa6 {[%emt 0:00:01]} Kc4 {[%emt 0:00:01]} 46. Ka5 {[%emt 0:00:01]} Bd1 {[%emt 0:00:01]} 47. Kb6 {[%emt 0:00:02]} Bf3 {[%emt 0:00:17]} 48. Bd4 {[%emt 0:00:09]} Bd1 {[%emt 0:00:03]} 49. Kc6 {[%emt 0:00:02]} Bf3+ {[%emt 0:00:07]} 50. Kd6 {[%emt 0:00:01]} Bd1 {[%emt 0:00:02]} 51. Be5 {[%emt 0:00:10]} Bf3 {[%emt 0:00:03]} 52. Kc7 {[%emt 0:00:19]} Be2 {[%emt 0:00:05]} 53. Kb6 {[%emt 0:00:04]} Kb3 {[%emt 0:00:08]} 54. Kc5 {[%emt 0:00:08]} Kxa3 {[%emt 0:00:01]} 55. h5 {[%emt 0:00:10]} gxh5 {[%emt 0:00:04]} 56. Kd5 {[%emt 0:00:02]} h4 {[%emt 0:00:10]} 57. Ke6 {[%emt 0:00:10]} Bg4 {[%emt 0:00:01]} 58. Bf6 {[%emt 0:00:05]} h3 {[%emt 0:00:03]} 59. Kd5 {[%emt 0:00:02]} Kb3 {[%emt 0:00:01]} 60. Kc5 {[%emt 0:00:01]} Be2 {[%emt 0:00:02]} 61. Be5 {[%emt 0:00:02]} Bf1 {[%emt 0:00:02]} 62. Kd4 {[%emt 0:00:02]} Be2 {[%emt 0:00:04]} 63. Ke3 {[%emt 0:00:02]} Bg4 {[%emt 0:00:01]} 64. Kd3 {[%emt 0:00:02]} Bf3 {[%emt 0:00:02]} 1/2-1/2

[Event "European Online Club-ch-E 2021"]
[Site "Online"]
[Date "2021.03.27"]
[Round "1.18"]
[White "Chukavin, Kirill"]
[Black "Seo, Jung Min"]
[Result "1-0"]
[WhiteElo "2384"]
[BlackElo "2453"]
[Annotator "ChessBase"]
[PlyCount "109"]
[EventDate "2021.03.27"]
[EventType "team-tourn"]
[EventCountry "NET"]
[SourceTitle "playchess.com"]
[Source "ChessBase"]
[SourceQuality "1"]
[TimeControl "900+5"]

1. e4 {[%emt 0:00:00]} c5 {[%emt 0:00:05]} 2. Nc3 {[%emt 0:00:03]} a6 {[%emt 0:00:04]} 3. Nf3 {[%emt 0:00:09]} d6 {[%emt 0:00:05]} 4. d4 {[%emt 0:00:04]} cxd4 {[%emt 0:00:02]} 5. Nxd4 {[%emt 0:00:01]} Nf6 {[%emt 0:00:02]} 6. h3 {[%emt 0:00:04]} g6 {[%emt 0:00:08]} 7. g3 {[%emt 0:00:16]} Bg7 {[%emt 0:00:02]} 8. Bg2 {[%emt 0:00:07]} O-O {[%emt 0:00:02]} 9. O-O {[%emt 0:00:09]} Qc7 {[%emt 0:00:13]} 10. a4 {[%emt 0:00:09]} Nc6 {[%emt 0:00:04]} 11. Nde2 {[%emt 0:00:09]} Rb8 {[%emt 0:00:15]} 12. Bg5 {[%emt 0:01:14]} Qa5 {[%emt 0:00:22]} 13. Nd5 {[%emt 0:00:31]} Be6 {[%emt 0:01:38]} 14. Nxf6+ {[%emt 0:00:29]} exf6 {[%emt 0:00:02]} 15. Bd2 {[%emt 0:00:11]} Qc7 {[%emt 0:00:09]} 16. Bc3 {[%emt 0:00:10]} Ne5 {[%emt 0:00:09]} 17. Nf4 {[%emt 0:01:45]} Rfd8 {[%emt 0:00:07]} 18. Nd5 {[%emt 0:00:23]} Bxd5 {[%emt 0:00:16]} 19. Qxd5 {[%emt 0:00:07]} Nc6 {[%emt 0:00:34]} 20. Rad1 {[%emt 0:01:30]} Ne7 {[%emt 0:00:05]} 21. Qa5 {[%emt 0:01:21]} Qc8 {[%emt 0:00:45]} 22. Qb6 {[%emt 0:00:37]} Qe6 {[%emt 0:01:05]} 23. Rfe1 {[%emt 0:01:22]} Nc6 {[%emt 0:01:07]} 24. f4 {[%emt 0:02:13]} Qc4 {[%emt 0:00:12]} 25. a5 {[%emt 0:00:47]} f5 {[%emt 0:01:19]} 26. Bxg7 {[%emt 0:00:42]} Kxg7 {[%emt 0:00:04]} 27. exf5 {[%emt 0:00:36]} Qxc2 {[%emt 0:00:07]} 28. fxg6 {[%emt 0:00:27]} hxg6 {[%emt 0:00:04]} 29. Rd5 {[%emt 0:00:36]} Re8 {[%emt 0:00:25]} 30. Qf2 {[%emt 0:00:42]} Rxe1+ {[%emt 0:00:10]} 31. Qxe1 {[%emt 0:00:02]} Rd8 {[%emt 0:00:34]} 32. Qc3+ {[%emt 0:00:20]} Qxc3 {[%emt 0:00:05]} 33. bxc3 {[%emt 0:00:02]} Kf6 {[%emt 0:00:05]} 34. Kf2 {[%emt 0:00:03]} Ke7 {[%emt 0:00:01]} 35. g4 {[%emt 0:00:15]} Rc8 {[%emt 0:00:03]} 36. Bf3 {[%emt 0:00:10]} Na7 {[%emt 0:00:06]} 37. Rd3 {[%emt 0:00:03]} Rc7 {[%emt 0:00:04]} 38. Re3+ {[%emt 0:00:11]} Kf8 {[%emt 0:00:04]} 39. Rd3 {[%emt 0:00:05]} Ke7 {[%emt 0:00:42]} 40. Re3+ {[%emt 0:00:01]} Kd8 {[%emt 0:00:02]} 41. Rd3 {[%emt 0:00:04]} Kd7 {[%emt 0:01:21]} 42. h4 {[%emt 0:00:05]} Nc6 {[%emt 0:00:07]} 43. Rd5 {[%emt 0:00:13]} Na7 {[%emt 0:00:28]} 44. Rd3 {[%emt 0:00:03]} Nb5 {[%emt 0:00:08]} 45. h5 {[%emt 0:00:05]} gxh5 {[%emt 0:00:05]} 46. gxh5 {[%emt 0:00:01]} Ke7 {[%emt 0:00:19]} 47. Kg3 {[%emt 0:00:13]} f5 {[%emt 0:01:31]} 48. h6 {[%emt 0:00:05]} Kf7 {[%emt 0:00:14]} 49. c4 {[%emt 0:00:02]} Na7 {[%emt 0:00:16]} 50. Rxd6 {[%emt 0:00:01]} Nc8 {[%emt 0:00:12]} 51. Bd5+ {[%emt 0:00:02]} Ke8 {[%emt 0:00:10]} 52. Rg6 {[%emt 0:00:11]} Ne7 {[%emt 0:00:18]} 53. Rg7 {[%emt 0:00:03]} Kf8 {[%emt 0:00:37]} 54. Rf7+ {[%emt 0:00:02]} Ke8 {[%emt 0:00:01]} 55. h7 {[%emt 0:00:03]} 1-0

[Event "European Online Club-ch-E 2021"]
[Site "Online"]
[Date "2021.03.27"]
[Round "1.19"]
[White "Hauge, Lars Oskar"]
[Black "Kukk, Sander"]
[Result "1/2-1/2"]
[WhiteElo "2483"]
[BlackElo "2230"]
[Annotator "ChessBase"]
[PlyCount "122"]
[EventDate "2021.03.27"]
[EventType "team-tourn"]
[EventCountry "NET"]
[SourceTitle "playchess.com"]
[Source "ChessBase"]
[SourceQuality "1"]
[TimeControl "900+5"]

1. e4 {[%emt 0:00:00]} g6 {[%emt 0:00:13]} 2. Nc3 {[%emt 0:00:15]} Bg7 {[%emt 0:00:03]} 3. d4 {[%emt 0:00:03]} d6 {[%emt 0:00:02]} 4. f4 {[%emt 0:00:20]} Nf6 {[%emt 0:00:32]} 5. Bd3 {[%emt 0:00:04]} O-O {[%emt 0:00:20]} 6. Nf3 {[%emt 0:00:04]} Nc6 {[%emt 0:00:22]} 7. e5 {[%emt 0:00:10]} dxe5 {[%emt 0:00:11]} 8. fxe5 {[%emt 0:00:03]} Nd5 {[%emt 0:01:07]} 9. Nxd5 {[%emt 0:00:37]} Qxd5 {[%emt 0:00:03]} 10. c3 {[%emt 0:00:01]} Bg4 {[%emt 0:02:11]} 11. Qe2 {[%emt 0:00:08]} Bxf3 {[%emt 0:00:52]} 12. gxf3 {[%emt 0:00:05]} Rad8 {[%emt 0:00:04]} 13. Bc4 {[%emt 0:00:48]} Qa5 {[%emt 0:00:29]} 14. Bd2 {[%emt 0:00:36]} e6 {[%emt 0:02:07]} 15. O-O-O {[%emt 0:00:25]} Ne7 {[%emt 0:00:17]} 16. h4 {[%emt 0:00:29]} h5 {[%emt 0:00:08]} 17. Bg5 {[%emt 0:01:00]} Rd7 {[%emt 0:00:02]} 18. Rhg1 {[%emt 0:00:28]} Nf5 {[%emt 0:01:04]} 19. Bf6 {[%emt 0:00:13]} Bh6+ {[%emt 0:01:36]} 20. Kb1 {[%emt 0:00:14]} Kh7 {[%emt 0:00:02]} 21. Bd3 {[%emt 0:00:47]} Re8 {[%emt 0:01:16]} 22. Be4 {[%emt 0:00:53]} c6 {[%emt 0:00:08]} 23. Ka1 {[%emt 0:01:10]} Qc7 {[%emt 0:00:04]} 24. Bb1 {[%emt 0:00:04]} b5 {[%emt 0:00:02]} 25. c4 {[%emt 0:01:01]} bxc4 {[%emt 0:01:14]} 26. Qxc4 {[%emt 0:00:43]} Qb6 {[%emt 0:00:42]} 27. Bxf5 {[%emt 0:00:24]} exf5 {[%emt 0:00:08]} 28. Rg2 {[%emt 0:00:06]} Re6 {[%emt 0:00:18]} 29. Rc2 {[%emt 0:00:16]} Rd5 {[%emt 0:00:21]} 30. a3 {[%emt 0:00:05]} Be3 {[%emt 0:00:05]} 31. Rc3 {[%emt 0:01:28]} Rxd4 {[%emt 0:00:21]} 32. Rxd4 {[%emt 0:00:03]} Qxd4 {[%emt 0:00:02]} 33. Qb3 {[%emt 0:00:03]} f4 {[%emt 0:00:39]} 34. Qb8 {[%emt 0:01:04]} Rxf6 {[%emt 0:00:02]} 35. exf6 {[%emt 0:00:05]} Qxf6 {[%emt 0:00:00]} 36. Qc7 {[%emt 0:00:16]} Bb6 {[%emt 0:00:21]} 37. Qxc6 {[%emt 0:00:17]} Qxh4 {[%emt 0:00:02]} 38. Qd5 {[%emt 0:00:08]} Qf6 {[%emt 0:00:05]} 39. a4 {[%emt 0:00:23]} Kg7 {[%emt 0:00:09]} 40. a5 {[%emt 0:01:04]} Be3 {[%emt 0:00:03]} 41. Rc7 {[%emt 0:00:16]} h4 {[%emt 0:00:07]} 42. Qd7 {[%emt 0:00:04]} Bd4 {[%emt 0:00:19]} 43. Rb7 {[%emt 0:00:18]} Be3 {[%emt 0:00:01]} 44. Ka2 {[%emt 0:00:10]} Bd4 {[%emt 0:00:05]} 45. Ka3 {[%emt 0:00:42]} Bc5+ {[%emt 0:00:08]} 46. Kb3 {[%emt 0:00:03]} Be3 {[%emt 0:00:02]} 47. Ka2 {[%emt 0:00:15]} Bd4 {[%emt 0:00:04]} 48. b4 {[%emt 0:00:16]} Be3 {[%emt 0:00:09]} 49. Rc7 {[%emt 0:00:08]} Kh6 {[%emt 0:00:03]} 50. b5 {[%emt 0:00:12]} Qg5 {[%emt 0:00:13]} 51. Qxf7 {[%emt 0:00:17]} Qxb5 {[%emt 0:00:01]} 52. Qf8+ {[%emt 0:00:06]} Kg5 {[%emt 0:00:05]} 53. Qd8+ {[%emt 0:00:01]} Kh6 {[%emt 0:00:05]} 54. Qxh4+ {[%emt 0:00:03]} Qh5 {[%emt 0:00:01]} 55. Qd8 {[%emt 0:00:04]} Qxa5+ {[%emt 0:00:03]} 56. Kb3 {[%emt 0:00:01]} Qb5+ {[%emt 0:00:09]} 57. Kc3 {[%emt 0:00:03]} Qa5+ {[%emt 0:00:06]} 58. Kc4 {[%emt 0:00:06]} Qa4+ {[%emt 0:00:03]} 59. Kc3 {[%emt 0:00:03]} Qa5+ {[%emt 0:00:02]} 60. Kc2 {[%emt 0:00:03]} Qa2+ {[%emt 0:00:02]} 61. Kc3 {[%emt 0:00:01]} Qa5+ {[%emt 0:00:02]} 1/2-1/2

[Event "European Online Club-ch-E 2021"]
[Site "Online"]
[Date "2021.03.27"]
[Round "1.20"]
[White "Liiva, Riho"]
[Black "Cederstam Barsk, Carl"]
[Result "1-0"]
[WhiteElo "2443"]
[BlackElo "2366"]
[Annotator "NA"]
[PlyCount "93"]
[EventDate "2021.03.27"]
[EventType "team-tourn"]
[EventCountry "NET"]
[SourceTitle "playchess.com"]
[Source "ChessBase"]
[SourceQuality "1"]
[TimeControl "900+5"]

1. e4 {[%emt 0:00:00]} c6 {[%emt 0:00:24]} 2. c4 {[%emt 0:00:04]} d5 {[%emt 0:00:05]} 3. cxd5 {[%emt 0:00:01]} cxd5 {[%emt 0:00:01]} 4. exd5 {[%emt 0:00:02]} Nf6 {[%emt 0:00:15]} 5. Qa4+ {[%emt 0:00:03]} Nbd7 {[%emt 0:00:14]} 6. Nc3 {[%emt 0:00:03]} g6 {[%emt 0:00:28]} 7. Nf3 {[%emt 0:00:02]} Bg7 {[%emt 0:00:11]} 8. Qb3 {[%emt 0:00:06]} O-O {[%emt 0:00:07]} 9. Bc4 {[%emt 0:00:03]} a6 {[%emt 0:00:50]} 10. a4 {[%emt 0:00:03]} Nb6 {[%emt 0:01:07]} 11. d3 {[%emt 0:00:04]} e6 {[%emt 0:04:23]} 12. dxe6 {[%emt 0:00:38]} Re8 {[%emt 0:00:24]} 13. O-O {[%emt 0:01:39]} Bxe6 {[%emt 0:00:20]} 14. Bxe6 {[%emt 0:00:25]} Rxe6 {[%emt 0:00:02]} 15. a5 {[%emt 0:00:22]} Nbd5 {[%emt 0:00:33]} 16. d4 {[%emt 0:00:05]} b5 {[%emt 0:00:51]} 17. Bg5 {[%emt 0:00:44]} Nxc3 {[%emt 0:00:04]} 18. Qxc3 {[%emt 0:00:13]} Rc8 {[%emt 0:00:23]} 19. Qb3 {[%emt 0:00:32]} Qd5 {[%emt 0:00:30]} 20. Qxd5 {[%emt 0:00:30]} Nxd5 {[%emt 0:00:01]} 21. Rac1 {[%emt 0:00:14]} Rec6 {[%emt 0:00:18]} 22. Ne5 {[%emt 0:01:04]} Bxe5 {[%emt 0:00:34]} 23. dxe5 {[%emt 0:00:04]} Nb4 {[%emt 0:00:37]} 24. Rxc6 {[%emt 0:00:50]} Rxc6 {[%emt 0:00:02]} 25. Rd1 {[%emt 0:00:06]} Rc8 {[%emt 0:00:18]} 26. f4 {[%emt 0:01:08]} Nc6 {[%emt 0:00:35]} 27. Rd6 {[%emt 0:00:19]} Nxa5 {[%emt 0:00:18]} 28. Rxa6 {[%emt 0:00:02]} Nc4 {[%emt 0:00:34]} 29. b4 {[%emt 0:00:17]} Nb2 {[%emt 0:00:37]} 30. Rb6 {[%emt 0:00:44]} Nd3 {[%emt 0:00:18]} 31. Kf1 {[%emt 0:00:13]} Nxb4 {[%emt 0:00:44]} 32. Rxb5 {[%emt 0:00:04]} Nc2 {[%emt 0:00:04]} 33. Kf2 {[%emt 0:00:14]} h5 {[%emt 0:00:12]} 34. Rd5 {[%emt 0:00:19]} Nb4 {[%emt 0:00:28]} 35. Rd6 {[%emt 0:00:11]} Rc2+ {[%emt 0:00:26]} 36. Kg3 {[%emt 0:00:53]} Rc3+ {[%emt 0:00:04]} 37. Kh4 {[%emt 0:00:10]} Nc6 {[%emt 0:00:09]} 38. Bf6 {[%emt 0:00:14]} Rc4 {[%emt 0:00:15]} 39. Kg5 {[%emt 0:00:15]} Rc2 {[%emt 0:00:03]} 40. Kh6 {[%emt 0:00:12]} Kf8 {[%emt 0:00:20]} 41. g3 {[%emt 0:00:14]} Ke8 {[%emt 0:00:02]} 42. h3 {[%emt 0:00:20]} Ne7 {[%emt 0:00:04]} 43. g4 {[%emt 0:00:12]} hxg4 {[%emt 0:00:04]} 44. hxg4 {[%emt 0:00:02]} Rh2+ {[%emt 0:00:07]} 45. Kg5 {[%emt 0:00:19]} Rg2 {[%emt 0:00:07]} 46. e6 {[%emt 0:00:09]} fxe6 {[%emt 0:00:08]} 47. Rxe6 {[%emt 0:00:03]} 1-0

[Event "European Online Club-ch-E 2021"]
[Site "Online"]
[Date "2021.03.27"]
[Round "2.1"]
[White "Helie, Marc"]
[Black "Sirosh, Ilja"]
[Result "0-1"]
[WhiteElo "2083"]
[BlackElo "2400"]
[Annotator "NA"]
[PlyCount "80"]
[EventDate "2021.03.27"]
[EventType "team-tourn"]
[EventCountry "NET"]
[SourceTitle "playchess.com"]
[Source "ChessBase"]
[SourceQuality "1"]
[TimeControl "900+5"]

1. d4 {[%emt 0:00:00]} d5 {[%emt 0:00:05]} 2. Nf3 {[%emt 0:00:06]} c5 {[%emt 0:00:02]} 3. c4 {[%emt 0:00:03]} e6 {[%emt 0:00:02]} 4. e3 {[%emt 0:00:26]} Nf6 {[%emt 0:00:06]} 5. Nc3 {[%emt 0:00:03]} Nc6 {[%emt 0:00:03]} 6. a3 {[%emt 0:00:12]} cxd4 {[%emt 0:00:06]} 7. exd4 {[%emt 0:00:07]} g6 {[%emt 0:00:04]} 8. c5 {[%emt 0:00:24]} Ne4 {[%emt 0:00:06]} 9. Bd3 {[%emt 0:00:50]} Nxc3 {[%emt 0:00:57]} 10. bxc3 {[%emt 0:00:04]} Bg7 {[%emt 0:00:03]} 11. O-O {[%emt 0:00:12]} O-O {[%emt 0:00:05]} 12. Re1 {[%emt 0:00:22]} b6 {[%emt 0:00:30]} 13. cxb6 {[%emt 0:00:45]} axb6 {[%emt 0:00:04]} 14. Bf4 {[%emt 0:00:23]} Ba6 {[%emt 0:00:28]} 15. Bxa6 {[%emt 0:01:07]} Rxa6 {[%emt 0:00:03]} 16. Ne5 {[%emt 0:00:09]} Nxe5 {[%emt 0:00:18]} 17. Bxe5 {[%emt 0:00:08]} Bxe5 {[%emt 0:00:09]} 18. Rxe5 {[%emt 0:00:04]} Qc7 {[%emt 0:00:44]} 19. Qd2 {[%emt 0:00:35]} Rfa8 {[%emt 0:00:07]} 20. Qb2 {[%emt 0:00:10]} Qd6 {[%emt 0:00:30]} 21. h4 {[%emt 0:00:23]} Rxa3 {[%emt 0:00:19]} 22. Rxa3 {[%emt 0:00:03]} Qxa3 {[%emt 0:00:01]} 23. Qd2 {[%emt 0:00:20]} Rc8 {[%emt 0:02:27]} 24. Re3 {[%emt 0:00:17]} Qe7 {[%emt 0:00:30]} 25. h5 {[%emt 0:00:41]} Qg5 {[%emt 0:00:16]} 26. hxg6 {[%emt 0:00:07]} hxg6 {[%emt 0:00:04]} 27. Qe1 {[%emt 0:00:32]} Ra8 {[%emt 0:03:35]} 28. Qb1 {[%emt 0:01:28]} Qf5 {[%emt 0:01:02]} 29. Qb2 {[%emt 0:01:33]} Kg7 {[%emt 0:00:21]} 30. Rf3 {[%emt 0:00:29]} Qe4 {[%emt 0:00:14]} 31. Re3 {[%emt 0:00:10]} Qg4 {[%emt 0:00:12]} 32. Rf3 {[%emt 0:02:00]} b5 {[%emt 0:00:35]} 33. Qc1 {[%emt 0:00:50]} Rh8 {[%emt 0:01:14]} 34. Rg3 {[%emt 0:00:26]} Qh4 {[%emt 0:00:17]} 35. Rh3 {[%emt 0:00:07]} Qe4 {[%emt 0:00:01]} 36. Rxh8 {[%emt 0:00:06]} Kxh8 {[%emt 0:00:03]} 37. Qh6+ {[%emt 0:01:06]} Kg8 {[%emt 0:00:03]} 38. Qd2 {[%emt 0:00:08]} Kg7 {[%emt 0:00:04]} 39. Qb2 {[%emt 0:00:52]} Qd3 {[%emt 0:00:08]} 40. Qb4 {[%emt 0:00:07]} g5 {[%emt 0:00:05]} 0-1

[Event "European Online Club-ch-E 2021"]
[Site "Online"]
[Date "2021.03.27"]
[Round "2.2"]
[White "Chukavin, Kirill"]
[Black "Barbini, Denis"]
[Result "1-0"]
[WhiteElo "2384"]
[BlackElo "2035"]
[Annotator "NA"]
[PlyCount "85"]
[EventDate "2021.03.27"]
[EventType "team-tourn"]
[EventCountry "NET"]
[SourceTitle "playchess.com"]
[Source "ChessBase"]
[SourceQuality "1"]
[TimeControl "900+5"]

1. e4 {[%emt 0:00:00]} d6 {[%emt 0:00:07]} 2. d4 {[%emt 0:00:04]} Nf6 {[%emt 0:00:05]} 3. Nc3 {[%emt 0:00:03]} g6 {[%emt 0:00:03]} 4. f4 {[%emt 0:00:06]} Bg7 {[%emt 0:00:04]} 5. Nf3 {[%emt 0:00:02]} c5 {[%emt 0:00:05]} 6. dxc5 {[%emt 0:00:18]} Qa5 {[%emt 0:00:05]} 7. Bd3 {[%emt 0:00:02]} Qxc5 {[%emt 0:00:03]} 8. Qe2 {[%emt 0:00:01]} Bg4 {[%emt 0:00:06]} 9. Be3 {[%emt 0:00:04]} Qa5 {[%emt 0:00:03]} 10. O-O {[%emt 0:00:03]} O-O {[%emt 0:00:19]} 11. Nd1 {[%emt 0:01:20]} Nc6 {[%emt 0:00:28]} 12. c3 {[%emt 0:00:03]} Rac8 {[%emt 0:01:17]} 13. Nf2 {[%emt 0:00:04]} Bxf3 {[%emt 0:00:42]} 14. Qxf3 {[%emt 0:00:21]} Nd7 {[%emt 0:00:30]} 15. Qh3 {[%emt 0:00:45]} e6 {[%emt 0:02:15]} 16. Rfd1 {[%emt 0:00:17]} Qc7 {[%emt 0:00:40]} 17. Rac1 {[%emt 0:01:12]} a6 {[%emt 0:00:18]} 18. Qf3 {[%emt 0:01:50]} Rfd8 {[%emt 0:01:00]} 19. h4 {[%emt 0:00:32]} Nf6 {[%emt 0:01:13]} 20. g4 {[%emt 0:00:16]} d5 {[%emt 0:00:37]} 21. e5 {[%emt 0:00:26]} Nd7 {[%emt 0:00:18]} 22. g5 {[%emt 0:00:38]} Ne7 {[%emt 0:00:24]} 23. Ng4 {[%emt 0:00:21]} Nf5 {[%emt 0:01:24]} 24. Bxf5 {[%emt 0:01:40]} gxf5 {[%emt 0:00:09]} 25. Nf6+ {[%emt 0:00:04]} Bxf6 {[%emt 0:01:14]} 26. exf6 {[%emt 0:00:56]} Nc5 {[%emt 0:00:22]} 27. Bd4 {[%emt 0:00:43]} Ne4 {[%emt 0:00:30]} 28. Be5 {[%emt 0:00:26]} Qc5+ {[%emt 0:00:04]} 29. Rd4 {[%emt 0:00:11]} b5 {[%emt 0:00:17]} 30. h5 {[%emt 0:01:46]} Qf8 {[%emt 0:01:30]} 31. Kh2 {[%emt 0:00:16]} Rc4 {[%emt 0:00:16]} 32. Rg1 {[%emt 0:00:09]} Rxd4 {[%emt 0:00:09]} 33. Bxd4 {[%emt 0:00:08]} Kh8 {[%emt 0:00:11]} 34. Qh3 {[%emt 0:00:10]} Qd6 {[%emt 0:00:33]} 35. Qh4 {[%emt 0:00:11]} Nd2 {[%emt 0:00:14]} 36. Qf2 {[%emt 0:00:30]} Ne4 {[%emt 0:00:03]} 37. Qe3 {[%emt 0:00:02]} Qf8 {[%emt 0:00:13]} 38. Rg2 {[%emt 0:00:22]} Rc8 {[%emt 0:00:05]} 39. Qh3 {[%emt 0:00:03]} b4 {[%emt 0:00:12]} 40. g6 {[%emt 0:00:06]} Qh6 {[%emt 0:00:07]} 41. Qh4 {[%emt 0:00:04]} bxc3 {[%emt 0:00:05]} 42. bxc3 {[%emt 0:00:02]} Nxc3 {[%emt 0:00:03]} 43. gxf7 {[%emt 0:00:35]} 1-0